| 000 | 00854nam a22002417a 4500 | ||
|---|---|---|---|
| 003 | OSt | ||
| 005 | 20260601193902.0 | ||
| 008 | 260508b1980 xxu||||| |||| 00| 0 eng d | ||
| 020 | _a0662507495 | ||
| 040 |
_aICI _bspa _cICI _erda |
||
| 041 | _aeng | ||
| 050 |
_aGV428.7 _bG85 1988 |
||
| 245 | 1 | _aGuidelines for fitness centres and health clubs. | |
| 260 |
_aOttawa : _bCanadian Government Publishing Centre, _c1988. |
||
| 300 |
_a95 páginas : _bilustraciones ; _c28 cm. |
||
| 504 | _aIncluye referencias bibliográficas. | ||
| 650 |
_aCentros de acondicionamiento físico _xAdministración. _934071 |
||
| 650 |
_aClubes de salud _xNormas. _934072 |
||
| 650 |
_aInstalaciones deportivas _xMedidas de seguridad. _934073 |
||
| 650 |
_aAptitud física _xInstalaciones. _934074 |
||
| 650 |
_aRecreación física _xAdministración. _934075 |
||
| 942 |
_2lcc _cB _n1 |
||
| 999 |
_c22284 _d22284 |
||